000 00809cam a2200229 i 4500
005 20260204105530.0
008 250721s2008 jo gr 000 0 ara d
020 _a9789957242817
082 1 4 _a372.21
_bخ ا ل .
100 1 _aالخالدي، مريم راشد
_eمؤلف.
245 1 0 _aمدخل إلى رياض الأطفال /
_cالدكتورة مريم ارشيد الخالدي.
250 _aالطبعة الأولى.
264 3 1 _aعمان :
_bدار صفاء للنشر والتوزيع،
_c2008.
300 _a245 صفحة.
650 1 7 _aالتربية.
650 1 7 _aالتعلم.
650 1 7 _aرعاية الطفولة.
650 1 7 _aالتعيم ما قبل المدرسة.
650 1 7 _aالمدرسات.
942 _2ddc
_cBK
999 _c108502
_d108502